000 00499nam a2200205Ia 4500
005 20240823051522.0
008 240823s9999||||xx |||||||||||||| ||und||
020 _a0-275-97503-7
041 _aENGLISH
082 _A338.90091724 P5
100 _aAnil Hira
245 0 _aDevelopment Projects for a New Millennium
250 _a1st
260 _c2005
_b"Rain Tree,Ch"
_aChennai
500 _aYES
650 _aGeneral
_bGeneral
700 _a Trevor Parfitt
942 _cBK
999 _c219770
_d219770